00000000nam##2200000za#4500
0019.594743
003CaOODSP
00520240206145613
007cr |||||||||||
008150406|2003||||xxc|||||o    f|0| 0 fre|d
040 |aCaOODSP|bfre
043 |an-cn---
0861 |aTU3-6/00-1F-PDF
1102 |aBureau de la sécurité des transports du Canada.
24510|aCollision et déraillement du train de voyageurs n° 14 de Via Rail Canada Inc. au point milliaire 65,1 de la subdivision Newcastle, à Miramichi (Nouveau-Brunwick) le 30 janvier 2000 |h[ressource électronique]
260 |aOttawa - Ontario : |bBureau de la sécurité des transports du Canada |c2003.
300 |a75p.|bcarte en couleur, graphique, ill. (certaines en couleur), tableaux, photographies
4901 |aRapport d'enquête sur un accident ferroviaire |vR00M0007
590 |a07-04-Supp|b2007-06-29
69107|aAccident ferroviaire|2gcpds
77508|tCollision and derailment - Via Rail Canada Inc. passenger train no. 14, Mile 65.1, Newcastle subdivision, Miramichi, New Brunswick 30 January 2000 |w(CaOODSP)9.562204
830#0|aRapport d'enquête sur un accident ferroviaire ;|vR00M0007|w(CaOODSP)9.501252
85640|ahttp://publications.gc.ca|qPDF|s1995 Ko|uhttps://publications.gc.ca/collections/collection_2007/tsb-bst/TU3-6-00-1F.pdf|yR00M0007